| 000 | 01366nam a2200229Ia 4500 | ||
|---|---|---|---|
| 999 |
_c52135 _d52135 |
||
| 001 | 19142 | ||
| 003 | GE_BSU | ||
| 005 | 20210415130500.0 | ||
| 008 | 181216s2013||||ge |||||||||||||| ||geo|| | ||
| 040 | _cGE_BSU | ||
| 041 | _ageo | ||
| 080 | _a82 ფ-29 | ||
| 100 |
_aფარტენაძე, ლია _911388 |
||
| 245 |
_aნაციონალური მენტალიტეტისა და ენობრივ მოვლენათა კორელაცია სამყაროს ენობრივ სურათში / _cლია ფარტენაძე; მეცნ. ხელმძღვ. ნ. სტამბოლიშვილი; ბათუმის შოთა რუსთაველის სახ-ფო უნ-ტი. |
||
| 264 |
_aბათუმი, _c2013. |
||
| 300 |
_a141 გვ. ; _b30 სმ. |
||
| 653 | _aდისერტაცია | ||
| 653 | _aლიტმცოდნეობა | ||
| 653 | _aნაციონალური მენტალიტეტისა და ენობრივ მოვლენათა კორელაცია სამყაროს ენობრივ სურათში | ||
| 700 |
_a სტამბოლიშვილი, ნ. _eსამეცნიერო ხელმძღვანელი _911389 |
||
| 942 |
_cBK _2udc |
||